| 000 | 01419cam a22003737a 4500 | ||
|---|---|---|---|
| 003 | CHAP | ||
| 005 | 20220329142754.0 | ||
| 008 | 030821d2002 mx r 00110 spa d | ||
| 010 | _a87579 | ||
| 011 | _a88551 | ||
| 020 | _a9687040386 | ||
| 035 | _a99096 | ||
| 040 | _cCHAP | ||
| 082 | 0 | 4 |
_a378.063 _bM3 |
| 100 | 0 | 0 |
_aMaldonado Reynoso, Norma Patricia. _970132 |
| 245 | 1 | 3 |
_aLa Universidad virtual en México : _bincorporación de las nuevas tecnologías de comunicación en la modernización educativa superior _c/por Norma Patricia Maldonado Reynoso |
| 260 |
_aMéxico, D.F. ; _bANUIES, _c2002. |
||
| 300 | _a193 p. | ||
| 500 | _aPremio ANUIES 2001 mejor tesis de Maestría | ||
| 590 |
_aBATCH-UPD _b10 _c20130110 _lUCH01 _h0026 |
||
| 590 |
_aBATCH-UPD _b10 _c20130110 _lUCH01 _h0553 |
||
| 590 |
_aBATCH-UPD _b10 _c20130409 _lUCH01 _h2007 |
||
| 590 |
_aBATCH-UPD _b10 _c20130410 _lUCH01 _h0235 |
||
| 590 |
_aBATCH-UPD _b10 _c20130914 _lUCH01 _h1246 |
||
| 590 |
_aCONVERSION _b10 _c20130109 _lUCH01 _h1349 |
||
| 650 | 1 | 4 |
_aEducación superior _xEstudio y enseñanza. _935632 |
| 650 | 1 | 4 |
_aEducación superior _xInnovaciones tecnológicas. _935642 |
| 650 | 1 | 4 |
_aEducación superior _xInvestigación. _935643 |
| 650 | 1 | 4 |
_aEducación superior _xSistemas de información. _935655 |
| 901 | _aBK | ||
| 905 | _aMayto Villalobos S. | ||
| 942 | _cLIBRO | ||
| 949 |
_a378.063 M3 _bBC _cLIBRO _d33724000898730 _eLIBRO _h103148 _i99096 _si |
||
| 999 |
_c87579 _d87579 |
||